| 000 | 00881nas a2200277 4500 | ||
|---|---|---|---|
| 001 | BR7503520 | ||
| 003 | BR-BrBNA | ||
| 005 | 20231205082837.0 | ||
| 007 | ta | ||
| 008 | 230509b bl.|||p| |||| 00| 00por d | ||
| 040 |
_aBR-BrBNA _bpor _cBiblioteca Nacional de Agricultura |
||
| 041 | _a(Pt) | ||
| 072 | _aQ10 | ||
| 100 | 1 | _aTelles, F.J.S. | |
| 100 | 1 | _aVieira, R.H.S.F. | |
| 100 | 1 | _aVieira, G.H.F. | |
| 245 | 1 | _aIndustrializacao de pescados marinhos e de aguas doces, 2: processamento em forma de produto enlatado [Brasil] | |
| 650 | _aPEIXE MARINHO | ||
| 650 | _aENLATADO | ||
| 650 | _aPRESERVACAO DE ALIMENTO | ||
| 650 | _aANALISE ORGANOLEPTICA | ||
| 650 | _aINDUSTRIA ALIMENTICIA | ||
| 773 | 0 |
_tArquivos de Ciencias do Mar (Brazil) _xISSN 0374-5686 _g(Dec 1975), v. 15(2) p. 111-113 _wBR7503520 |
|
| 909 |
_a202311 _bLúcia _c55 _dLúcia Elande |
||
| 942 |
_2AGRIS _n0 _cANA |
||
| 999 |
_c94580 _d94580 |
||